| 000 | 00381nam a22001577a 4500 | ||
|---|---|---|---|
| 003 | OSt | ||
| 008 | 241007b |||||||| |||| 00| 0 eng d | ||
| 020 | _a9789394472662 | ||
| 041 | _amal | ||
| 082 |
_a894.812 _bMAN/MA |
||
| 100 |
_aManavendranathan _96318 |
||
| 245 | _aMalayalathinte madhuramozhikal / | ||
| 260 |
_aKannur : _bKairali Books, _c2023 |
||
| 300 | _a112p | ||
| 942 | _cBK | ||
| 999 |
_c18137 _d18137 |
||